|
|
|
|
| LEADER |
00000nam a22000007a 4500 |
| 005 |
20140603234512.0 |
| 007 |
cr|||| |||| |
| 008 |
140603s2014 it |||||s|||| 00||0 ita d |
| 020 |
|
|
|a 978-88-6611-347-8
|
| 035 |
|
|
|a 12203
|
| 040 |
|
|
|a vLex
|
| 090 |
|
|
|c 4993
|d 4993
|
| 100 |
1 |
|
|a La Scala, Antonio Maria
|
| 245 |
1 |
0 |
|a Reati urbanistico-edilizi in senso stretto e sequestro a scopo di prevenzione
|h [Recurso electrn̤ico] /
|c Antonio Maria La Scala, Maria Sandra Acito
|
| 256 |
|
|
|a Servicio en ln̕ea
|
| 260 |
|
|
|a Bari:
|b Cacucci Editore,
|c 2014
|
| 300 |
|
|
|a 1 recurso electrn̤ico
|
| 506 |
1 |
|
|a Disponible solo en los productos indicados
|d vLex Global
|d vLex Global (Academic Edition, excluding Law Schools)
|d vLex Global (U.S. Academic Edition, Law Schools)
|d vLex Global (U.S. Academic Edition, excluding Law Schools)
|d vLex Global (Academic Edition, Law Schools)
|
| 650 |
0 |
4 |
|a Derecho Civil
|z Italia
|
| 650 |
0 |
4 |
|a Derecho Penal
|z Italia
|
| 700 |
1 |
|
|a Acito, Maria Sandra
|
| 740 |
0 |
|
|a vLex Libros (Servicio en ln̕ea)
|
| 856 |
4 |
0 |
|u http://vlex.com/source/reati-urbanistico-edilizi-senso-stretto-sequestro-scopo-prevenzione-12203
|z Acceso restringido
|
| 942 |
|
|
|c BOOK
|
| 999 |
0 |
|
|a Civil Law
|
| 999 |
0 |
|
|a Criminal Law
|